| 000 | 00494nam a2200133Ia 4500 | ||
|---|---|---|---|
| 008 | 200925s9999 xx 000 0 und d | ||
| 020 | _a978-621-427-053-8 | ||
| 100 | _aMendoza, Ernesto H. | ||
| 245 |
_cErnesto H. Mendoza, Lorna S.P. Garcia.-- _aConsumer behaviour : _bDynamics, dimensions & Models / |
||
| 260 |
_aManila : _bUnlimited Books Library Services & Publishing Inc. _c2019 |
||
| 300 |
_axii , 406 pages : _billustrations ; _c25 cm. |
||
| 650 | _aConsumer behavior | ||
| 650 | _aMarketing | ||
| 999 |
_c364500 _d364500 |
||